|
|
|
|
| LEADER |
00000nam0a2200000 4500 |
| 001 |
145848 |
| 005 |
20231031144308.0 |
| 035 |
|
|
|a (RuTPU)RU\TPU\book\158091
|
| 090 |
|
|
|a 145848
|
| 100 |
|
|
|a 20081023d1984 m y0rusy50 ca
|
| 101 |
0 |
|
|a rus
|
| 102 |
|
|
|a RU
|
| 105 |
|
|
|a y z 000ay
|
| 200 |
1 |
|
|a Очерки и рассказы
|f В. В. Овечкин
|g авт. послесл. Н. И. Глушков
|
| 210 |
|
|
|a Краснодар
|c Краснодарское книжное издательство
|d 1984
|
| 215 |
|
|
|a 284 с.
|c ил.
|
| 225 |
1 |
|
|a Кубанская библиотека
|
| 333 |
|
|
|a Исключено из фонда НТБ ТПУ
|
| 700 |
|
1 |
|a Овечкин
|b В. В.
|g Валентин Владимирович
|
| 702 |
|
1 |
|a Глушков
|b Н. И.
|4 075
|
| 801 |
|
1 |
|a RU
|b 63413507
|c 20081023
|g PSBO
|
| 801 |
|
2 |
|a RU
|b 63413507
|c 20220516
|g RCR
|
| 942 |
|
|
|c BK
|